000 02339cam a2200349 a 4500
005 20031230185550.0
010 _aENG-101692 B-440899-905
020 _c295.00
_a9788184000603
035 _aEN-85225
035 _aB-440899-905
037 _bDBAD/PUB
037 _bResearchco Book Centre
082 _aN
100 1 _aLahiri, Jhumpa
_930983
245 1 0 _aUnaccustomed earth /
_cby Jhumpa Lahiri
260 _aNoida
_bRandom House India
_c2009
270 _aMind Mill Corporate Tower, 2nd Floor, Plot No 24A Sector 16A,
_bNoida
_e201301
300 1 _a333p.
_c20cm (pbk)
700 _922431
856 4 2 _uhttp://www.loc.gov/catdir/description/texas041/93060588.html
856 4 1 _uhttp://www.loc.gov/catdir/toc/texas041/93060588.html
942 _2ddc
_cEN
_mLAH
_hN
999 _c48301
_d48301